| 000 | 00530nam a2200193Ia 4500 | ||
|---|---|---|---|
| 008 | 220216s9999 xx 000 0 und d | ||
| 100 | _aTriesch O | ||
| 245 | 0 | _aDurability of filled NR and HNBR compounds at higher temperatures | |
| 260 |
_bKautschuk Gummi Kunststoffe _c2007 |
||
| 300 | _a376-379 | ||
| 650 | _aDurability | ||
| 650 | _aElastomer comparison | ||
| 650 | _aIntrinsic heating | ||
| 650 | _aReproduction of failure | ||
| 650 | _aShear actuation | ||
| 700 | _aGedenk V | ||
| 700 | _aNiklaus G | ||
| 942 | _cJS | ||
| 999 |
_c57427 _d57427 |
||